Central Library OPAC University of Rajshahi

Development through life : (Record no. 29261)

MARC details
000 -LEADER
fixed length control field 00903nam a2200289 i 4500
001 - CONTROL NUMBER
control field 29261
003 - CONTROL NUMBER IDENTIFIER
rucl marc code BD-RjUL
005 - DATE AND TIME OF LATEST TRANSACTION
control field 20211209051406.0
008 - FIXED-LENGTH DATA ELEMENTS--GENERAL INFORMATION
fixed length control field 140403s1979 ilua b 001 0 eng
020 ## - INTERNATIONAL STANDARD BOOK NUMBER
International Standard Book Number 0256021988
035 ## - SYSTEM CONTROL NUMBER
System control number (BD-RjUL)29346
040 ## - CATALOGING SOURCE
Original cataloging agency DLC
Transcribing agency DLC
Modifying agency DLC
-- BD-RjUL
Language of cataloging eng
041 ## - LANGUAGE CODE
Language code of text/sound track or separate title eng
082 00 - DEWEY DECIMAL CLASSIFICATION NUMBER
Classification number 155
Author mark and year NED 1979
100 1# - MAIN ENTRY--PERSONAL NAME
Personal name Newman, Barbara M.
9 (RLIN) 89311
245 10 - TITLE STATEMENT
Title Development through life :
Remainder of title a psychosocial approach /
Statement of responsibility, etc. Barbara M. Newman, Philip R. Newman.
250 ## - EDITION STATEMENT
Edition statement Rev. ed.
260 ## - PUBLICATION, DISTRIBUTION, ETC. (IMPRINT)
Place of publication, distribution, etc. Homewood, Ill. :
Name of publisher, distributor, etc. Dorsey Press,
Date of publication, distribution, etc. c1979.
300 ## - PHYSICAL DESCRIPTION
Pagination xiii, 539 p. :
Illustrations ill. ;
Size 24 cm.
490 0# - SERIES STATEMENT
Series statement The Dorsey series in psychology
504 ## - BIBLIOGRAPHY, ETC. NOTE
Bibliography, etc Includes bibliographies and indexes.
650 #0 - SUBJECT ADDED ENTRY--TOPICAL TERM
Topical term or geographic name as entry element Developmental psychology
Form subdivision Textbooks.
9 (RLIN) 4264
700 1# - ADDED ENTRY--PERSONAL NAME
Personal name Newman, Philip R.,
Relator term joint author.
942 ## - ADDED ENTRY ELEMENTS (KOHA)
Source of classification or shelving scheme Dewey Decimal Classification
Koha item type Books
Holdings
Lost status Source of classification or shelving scheme Damaged status Not for loan Collection code Permanent Location Current Location Shelving location Date acquired Source of acquisition Total Checkouts Full call number Date last seen Copy number Koha item type
  Dewey Decimal Classification     Non-fiction Central Library, University of Rajshahi Central Library, University of Rajshahi   12/09/1985 Asia foundation   155 NED 1979 03/04/2014 C-2 Books